| 000 | 01416nam a2200325 a 4500 | ||
|---|---|---|---|
| 001 | ebr10498865 | ||
| 003 | CaPaEBR | ||
| 006 | m u | ||
| 007 | cr cn||||||||| | ||
| 008 | 100823s2010 nyuabc sb 001 0beng d | ||
| 010 | _z 2010294542 | ||
| 020 | _z9781932714845 | ||
| 020 | _z9781611210453 (e-book) | ||
| 040 |
_aCaPaEBR _cCaPaEBR |
||
| 035 | _a(OCoLC)759858220 | ||
| 043 |
_an-us--- _an-us-pa |
||
| 050 | 1 | 4 |
_aE415.9.S53 _bH47 2010eb |
| 100 | 1 | _aHessler, James A. | |
| 245 | 1 | 0 |
_aSickles at Gettysburg _h[electronic resource] : _bthe controversial Civil War general who committed murder, abandoned Little Round Top, and declared himself the hero of Gettysburg / _cJames A. Hessler. |
| 260 |
_aNew York : _bSavas Beatie, _cc2010. |
||
| 300 |
_axi, 490 p. : _bill., maps, port. |
||
| 504 | _aIncludes bibliographical references and index. | ||
| 533 |
_aElectronic reproduction. _bPalo Alto, Calif. : _cebrary, _d2011. _nAvailable via World Wide Web. _nAccess may be limited to ebrary affiliated libraries. |
||
| 600 | 1 | 0 |
_aSickles, Daniel Edgar, _d1819-1914 _xMilitary leadership. |
| 650 | 0 | _aGettysburg, Battle of, Gettysburg, Pa., 1863. | |
| 650 | 0 |
_aGenerals _zUnited States _vBiography. |
|
| 655 | 7 |
_aElectronic books. _2local |
|
| 710 | 2 | _aebrary, Inc. | |
| 856 | 4 | 0 |
_uhttp://site.ebrary.com/lib/rucke/Doc?id=10498865 _zAn electronic book accessible through the World Wide Web; click to view |
| 999 |
_c132370 _d132370 |
||